Kashmir and Ariticle 370 (Record no. 1632)

MARC details
000 -LEADER
fixed length control field 00384nam a2200169Ia 4500
003 - CONTROL NUMBER IDENTIFIER
control field OSt
005 - DATE AND TIME OF LATEST TRANSACTION
control field 20231108153907.0
008 - FIXED-LENGTH DATA ELEMENTS--GENERAL INFORMATION
fixed length control field 230406s9999 xx 000 0 und d
020 ## - INTERNATIONAL STANDARD BOOK NUMBER
International Standard Book Number 9788174457745
082 ## - DEWEY DECIMAL CLASSIFICATION NUMBER
Classification number 340
Item number SUTK
100 ## - MAIN ENTRY--PERSONAL NAME
Personal name Sura, Kushal
245 #0 - TITLE STATEMENT
Title Kashmir and Ariticle 370
260 ## - PUBLICATION, DISTRIBUTION, ETC.
Place of publication, distribution, etc. Delhi
Name of publisher, distributor, etc. Mohit Publications
300 ## - PHYSICAL DESCRIPTION
Extent 297
650 ## - SUBJECT ADDED ENTRY--TOPICAL TERM
Topical term or geographic name entry element Law
942 ## - ADDED ENTRY ELEMENTS (KOHA)
Koha item type Book
Source of classification or shelving scheme Dewey Decimal Classification
Holdings
Withdrawn status Lost status Source of classification or shelving scheme Damaged status Not for loan Home library Current library Date acquired Cost, normal purchase price Full call number Barcode Date last seen Price effective from Koha item type Public note
    Dewey Decimal Classification     RIC Library RIC Library 04/06/2023 1500.00 340 SURK 001032 04/06/2023 04/06/2023 Book R-7.6

Venue

Rajasthan International Centre
Sansthan Path,JLN Marg, Jaipur- 302017
Phone: +91-7230904025